| 000 | 01536nam a22005057a 4500 | ||
|---|---|---|---|
| 003 | OSt | ||
| 005 | 20260407121241.0 | ||
| 007 | ta | ||
| 008 | 260407s2025 ag ||||| |||| 00| 0 spa d | ||
| 020 | _a9786313200252 | ||
| 040 | _ccj catamarca | ||
| 082 | _a347.61 G897 I | ||
| 100 | 1 | 0 |
_91 _aGuahnon, Silvia V. |
| 245 | 1 | 0 |
_aDerecho procesal familiar: _bProcesos de familia concordados con los ordenamientos provinciales |
| 250 | _a1º ed. | ||
| 260 |
_aBuenos Aires: _bHammurabi, _c2025 |
||
| 300 |
_aV.1, 864 p. _c25 cm |
||
| 500 | _aINVENTARIO Nº 8143 | ||
| 650 | 7 | _2SAIJ | |
| 653 | _aDERECHO PROCESAL CIVIL | ||
| 653 | _aPROCESOS DE FAMILIA | ||
| 653 | _aPROCESO-FAMILIA-PRINCIPIOS | ||
| 653 | _aPROCESOS FAMILIARES-LEYES-PERSPECTIVA | ||
| 653 | _aCODIGOS PROCESALES-FAMILIA | ||
| 653 | _aPROCESOS FAMILIARES-CIDH | ||
| 653 | _aPROCESOS FAMILIARES-COMPETENCIA | ||
| 653 | _aCONFLICTO FAMILIAR-MEDIACION | ||
| 653 | _aMODO ALTERNATIVO DE RESOLUCION | ||
| 653 | _aMEDIDAS CAUTELARES | ||
| 653 | _aPRUEBA-PRINCIPIOS | ||
| 653 | _aPRUEBA ELECTRONICA | ||
| 653 | _aRECURSOS | ||
| 653 | _aCOSTAS | ||
| 653 | _aNNA-PARTICIPACION | ||
| 653 | _aORALIDAD | ||
| 653 | _aDERECHO A SER OIDO-NNA | ||
| 653 | _aCONFLICTO-PENAL | ||
| 653 | _aSOLIDARIDAD | ||
| 653 | _aFILIACION | ||
| 653 | _aADOPCION | ||
| 653 | _aRESPONSABILIDAD PARENTAL | ||
| 700 | 0 |
_93 _aSeltzer, Martin E. _edir. |
|
| 856 | _uhttps://drive.google.com/file/d/11YniMWL_iSZcTAQM8f0VbGixHU0nLkns/view?usp=sharing | ||
| 942 |
_2ddc _cBK _n0 |
||
| 999 |
_c6520 _d6520 |
||